[Event "SUI-chT Basel-Biel"]
[Site "?"]
[Date "2005.02.27"]
[Round "1.2"]
[White "Serafimov, Tervel"]
[Black "Pelletier, Yannick"]
[Result "1-0"]
[WhiteElo "2404"]
[BlackElo "2621"]
[PlyCount "65"]
[EventDate "2005.03.01"]
[EventType "team"]

1. c4 e5 2. Nc3 Nf6 3. g3 Bb4 4. Bg2 O-O 5. e4 Bxc3 6. bxc3 b6 7. d3 Bb7 8. Ne2
d6 9. O-O Nfd7 10. f4 exf4 11. gxf4 c6 12. Ng3 Re8 13. Nf5 Nf8 14. Qg4 Ng6 15.
h4 Nd7 16. h5 Nf6 17. Qf3 Ne7 18. Nxe7+ Qxe7 19. h6 g6 20. f5 Nd7 21. Qg3 c5
22. Bh3 Ne5 23. fxg6 fxg6 24. Bg5 Qc7 25. Rf6 Bc8 26. Raf1 Bxh3 27. Qxh3 Qc8
28. Qxc8 Raxc8 29. d4 Nd7 30. Rf7 Rxe4 31. Rg7+ Kh8 32. Rff7 Rg4+ 33. Kh2 1-0

[Event "Aeroflot Open"]
[Site "Moskou"]
[Date "2005.02.18"]
[Round "4"]
[White "Sutovsky, E."]
[Black "Filippov, Va"]
[Result "1-0"]
[WhiteElo "2669"]
[BlackElo "2621"]
[PlyCount "75"]
[EventCountry "RUS"]

1. e4 c5 2. Nf3 Nc6 3. Bb5 g6 4. c3 Nf6 5. e5 Nd5 6. O-O Bg7 7. d4 cxd4 8. cxd4
O-O 9. Nc3 Nxc3 10. bxc3 d6 11. exd6 exd6 12. Bg5 Qc7 13. Re1 h6 14. Bf4 Ne7
15. Qb3 g5 16. Nxg5 (16. Qc4 $142 $5 Qxc4 17. Bxc4 $14) 16... hxg5 17. Bxg5 Be6
(17... Ng6 $142 $5 $15) 18. Rxe6 $14 fxe6 19. Qxe6+ Rf7 20. Re1 a6 21. Ba4 (21.
Bxe7 $4 axb5 22. Bxd6 Qxc3 $19) 21... Nc6 $4 (21... Nc8 $142 22. Be8 Nb6 23.
Bxf7+ Qxf7 24. Qxd6 Nc4 $16) 22. Bb3 $18 d5 23. Bxd5 Kf8 24. Qg6 (24. Qxf7+ $6
Qxf7 25. Bxf7 Kxf7 $18) 24... Re8 (24... Qd7 25. Be6 (25. Qxf7+ $6 Qxf7 26.
Bxf7 Kxf7 $18) (25. Bxf7 $6 Qxf7 26. Qxf7+ Kxf7 $18) 25... Re8 26. d5 Rxe6 27.
dxe6 $18 (27. Rxe6 $2 Qxd5 28. f3 Ne5 $19) (27. Qxe6 $6 Qxe6 28. dxe6 Rf5 $16))
25. Rxe8+ Kxe8 26. h4 (26. Qxf7+ $6 Qxf7 27. Bxf7+ Kxf7 $18) (26. Bxf7+ $6 Qxf7
27. Qxf7+ Kxf7 $18) 26... Kf8 27. h5 (27. Qxf7+ $6 Qxf7 28. Bxf7 Kxf7 $18) (27.
Bxf7 $6 Qxf7 28. Qxf7+ Kxf7 $18) 27... Qd7 (27... Rd7 28. Be6 Nd8 29. Bxd7 Qxd7
30. h6 $18) 28. Be6 Ne5 29. dxe5 (29. Bxd7 $6 Nxg6 30. Be6 Re7 $18) 29... Qd1+
30. Kh2 Bxe5+ 31. f4 $1 Bxf4+ (31... Rxf4 32. Qg8#) 32. Bxf4 Rxf4 33. Qh6+ Ke7
34. Qxf4 Kxe6 (34... Qxh5+ 35. Bh3 b6 $18) 35. Qe4+ Kd6 36. Qd4+ Qxd4 37. cxd4
Ke7 38. d5 (38. d5 Kf6 39. d6 $18) 1-0

[Event "Gibraltar Masters"]
[Site "Caleta ENG"]
[Date "2005.02.02"]
[Round "9"]
[White "Shirov, A."]
[Black "Spraggett, K."]
[Result "1-0"]
[WhiteElo "2713"]
[BlackElo "2589"]
[PlyCount "64"]
[EventDate "2005.01.25"]
[EventRounds "9"]
[EventCountry "ENG"]

1. e4 c5 2. Nf3 e6 3. d4 cxd4 4. Nxd4 a6 5. Bd3 Nf6 6. O-O d6 7. c4 Qc7 8. Nc3
Be7 9. b3 b5 10. Bb2 b4 11. Nce2 Nbd7 12. Ng3 Nc5 13. Bc2 Bb7 14. Qe1 O-O 15.
Rd1 Rfe8 16. f4 d5 17. cxd5 exd5 18. e5 Nfe4 19. Ndf5 Bf8 20. Rc1 Qd7 21. Qe3
Rac8 22. Rfd1 Qe6 23. Nd4 Qb6 24. Nde2 Qb5 25. f5 Nd7 26. Bd3 Rxc1 27. Rxc1 Qa5
28. e6 fxe6 29. fxe6 Rxe6 30. Nf4 Re8 31. Nxe4 dxe4 32. Bc4+ Kh8 (32... Kh8 33.
Ng6+ hxg6 34. Qh6#) 1-0

[Event "Gibraltar Masters"]
[Site "Caleta ENG"]
[Date "2005.01.29"]
[Round "5"]
[White "Gormally, D."]
[Black "Sutovsky, E."]
[Result "0-1"]
[WhiteElo "2472"]
[BlackElo "2669"]
[PlyCount "72"]
[EventDate "2005.01.25"]
[EventRounds "9"]
[EventCountry "ENG"]
[Source "Mark Crowther"]
[SourceDate "2005.01.31"]

1. e4 c5 2. Nf3 d6 3. d4 cxd4 4. Nxd4 Nf6 5. Nc3 a6 6. Bc4 e6 7. Bb3 b5 8. O-O
Be7 9. Qf3 Qc7 10. Qg3 Nc6 11. Nxc6 Qxc6 12. Re1 Bb7 13. a3 Rd8 14. a4 O-O 15.
axb5 axb5 16. Bh6 Ne8 17. Ra7 Ra8 18. Rxa8 Bxa8 19. Bf4 Nf6 20. Bh6 Ne8 21. Bf4
b4 22. Na2 Nf6 23. Bh6 (23. Nxb4 Qb5 24. c3 Nxe4 $11) 23... Nh5 24. Qg4 Qb5 25.
f3 Bf6 26. Rb1 Bd4+ 27. Kh1 Bxb2 28. Bd2 (28. Rxb2 $4 Qf1#) 28... Nf6 29. Qg3
d5 (29... Be5 30. Qe1) 30. Bxb4 dxe4 31. c4 Qf5 32. Bxf8 $4 (32. f4 Nh5 33. Qe3
Qf6 34. Bxf8 Bd4 35. Be7 Bxe3 36. Bxf6 Nxf6 37. Rd1 Bc6 38. Rd8+ Be8 $16) 32...
Nh5 33. Qg4 exf3 34. Qxf5 fxg2+ 35. Kg1 Bd4+ 36. Qf2 Nf4 (36... Nf4 37. h4 Ne2+
38. Kh2 Bxf2 39. Bd6 g1=Q+ 40. Rxg1 Nxg1 $19) 0-1